000 00442pab a2200157 454500
008 180718b1996 xxu||||| |||| 00| 0 eng d
245 _aRECONFIGURATION of Indian politics
_bstate assembly elections, 1993-95.
260 _c1996
300 _ap.61-180
362 _a13-20 Jan
650 _aIndia - Politics and government
650 _aElections - India
650 _aElections
773 _aEconomic and Political Weekly
909 _a30602
999 _c30602
_d30602